000 01201nam a2200313 i 4500
003 OSt
005 20221019110720.0
008 210110t20112011njuao er 001 0 eng d
020 _a9780470947678
_qpaperback
040 _aPPAK
_beng
_cPPAK
_erda
082 0 4 _a658.872
_223
090 0 0 _a658.872
_bARN
_dG
100 1 _aArnold, John,
_eauthor.
_d1972-
245 1 0 _aE-Mail Marketing FOR DUMMIES /
_cby John Arnold
250 _a 2nd Edition
264 1 _aHoboken, NJ :
_bJohn Wiley & Sons, Inc.,
_c2011
264 4 _c©2011
300 _axvi, 364 pages :
_billustrations ;
_c23 cm
336 _atext
_2rdacontent
337 _aunmediated
_2rdamedia
338 _avolume
_2rdacarrier
490 _aFOR DUMMIES
500 _aIncludes index
520 _aUpdated to reflect the hottest new trends, technologies, and strategies! Much has happened in e-mail marketing since the first edition of this book appeared in 2007. With the dramatic rise of social media and mobile devices, there are more ways than ever to target campaigns and maximize your e-mail marketing dollars.
650 1 0 _aElectronic mail messages
650 2 0 _aInternet marketing
830 0 _aFor dummies
942 _2ddc
_cB
999 _c181004
_d181004